000
00286nam a22001337a 4500
008
190305b xxu||||| |||| 00| 0 eng d
020
_a
9780256079173
041
_a
eng
080
_2
2nd
_a
336
100
_a
56
101
_a
FIN
245
_a
Corporate Finance
_c
Ross
942
_2
udc
_c
BK
999
_c
54516
_d
54516